000 02173nam0a22003131 4500
001 rc\4887049
005 20260407214433.0
021 _aRU
_b[57-25838]
035 _a(NLR Aleph) 008919957
090 _a8817775
_c8817775
100 _a20130426d1957 |||y0rusy50 ca
101 0 _arus
102 _aRU
105 _aa z |||||
200 1 _aОпыт кормления свиней из самокормушек
_fМ-во пром-сти мясных и молочных продуктов СССР. Отд. сельского хозяйства и откорма скота
210 _aМосква
_cБ. и.
_d1957
215 _a22 с.
_cил.
_d20
225 1 _a[Передовой опыт в сельском хозяйстве]
327 1 _aСодерж.: Повышаем производительность труда, увеличиваем выпуск мяса / Л.Л. Келюшко, ст. зоотехник Омского свинооткормочного совхоза. Себестоимость привеса снижена / В.Н. Валюженич, ст. зоотехник Курганской обл. конторы Росглавзаготскотооткорма
464 0 _12001#$aПовышаем производительность труда, увеличиваем выпуск мяса
_1700#1$aКелюшко$bЛ.Л.
_tПовышаем производительность труда, увеличиваем выпуск мяса
_aКелюшко, Л.Л.
464 0 _12001#$aСебестоимость привеса снижена
_1700#1$aВалюженич$bВ.Н.
_tСебестоимость привеса снижена
_aВалюженич, В.Н.
606 _aКормушки для свиней
_2psbo
606 _aСвиньи
_xКормление
_2psbo
712 0 1 _aСССР
_bМинистерство промышленности мясных и молочных продуктов
_bОтдел сельского хозяйства и откорма скота
_3RU\NLR\AUTH\8810144136
_9782767
801 0 _aRU
_bNLR
_gpsbo
801 1 _aRU
_bELAR
_2rusmarc
852 _aNLR
_j57-4/6707
942 _cBOOK
980 _aNB